000
00221nam a22001097a 4500
041
_a
eng
080
_a
80
100
_a
Kusmitschewa, L. W.
245
_a
Deutsche Grammatic in Mustern.
650
_a
German
999
_c
277776
_d
277776
942
_c
BK